[Event "Budapest FS04 U2250"]
[Site "Budapest"]
[Date "2024.04.12"]
[Round "6"]
[White "Szalanczy, Emil"]
[Black "Bacsi, Andras"]
[Result "1-0"]
[WhiteElo "1837"]
[BlackElo "1773"]
[PlyCount "47"]
[EventDate "2024.04.06"]
[EventType "tourn"]
[EventRounds "9"]
[EventCountry "HUN"]
[SourceTitle "CB18_2024"]
[SourceDate "2024.05.01"]
[SourceVersion "1"]
[SourceVersionDate "2024.05.01"]
[SourceQuality "2"]

1. e4 c5 2. Nf3 e6 3. d4 cxd4 4. Nxd4 a6 5. Bd3 Qc7 6. 0-0 Nf6 7. Nc3 d6 8. Bd2 Be7 9. a4 0-0 10. a5 b5 11. axb6 Qxb6 12. Nb3 Bb7 13. Qe2 Nbd7 14. Na5 Nc5 15. Na4 Nxa4 16. Rxa4 Bc8 17. Nc4 Qc6 18. Rfa1 Bd8 19. Bb4 Bc7 20. Nxd6 Bxd6 21. Bxd6 Qxd6 22. e5 Qb6 23. exf6 Qxb2 24. Qe4 1-0

[Event "Budapest FS04 U2250"]
[Site "Budapest"]
[Date "2024.04.06"]
[Round "1"]
[White "Tolgyesi, Tibor"]
[Black "Bacsi, Andras"]
[Result "0-1"]
[WhiteElo "1706"]
[BlackElo "1773"]
[PlyCount "91"]
[EventDate "2024.04.06"]
[EventType "tourn"]
[EventRounds "9"]
[EventCountry "HUN"]
[SourceTitle "CB18_2024"]
[SourceDate "2024.05.01"]
[SourceVersion "1"]
[SourceVersionDate "2024.05.01"]
[SourceQuality "2"]

1. d4 Nf6 2. c4 e6 3. a3 b6 4. Nc3 d5 5. Bg5 Be7 6. cxd5 exd5 7. Nf3 0-0 8. h3 Bf5 9. g4 Bg6 10. Ne5 Ne4 11. Bxe7 Nxc3 12. Bxd8 Nxd1 13. Bxc7 Nxb2 14. Bg2 Na6 15. Nxg6 hxg6 16. Bg3 Rfd8 17. 0-0 Rac8 18. Bh4 Rd7 19. Rab1 Nc4 20. Rfc1 Nc7 21. Rb3 Ne6 22. e3 g5 23. Bg3 Nc7 24. a4 Rcd8 25. Rbc3 Ne8 26. Bxd5 Rxd5 27. Rxc4 Nf6 28. Rc7 R8d7 29. R7c4 Ne4 30. Rc8+ Kh7 31. Kg2 Nd2 32. R1c2 Nb3 33. R8c4 Kg6 34. f3 f6 35. Bf2 b5 36. axb5 Rxb5 37. e4 Na5 38. Ra4 Nb3 39. d5 a5 40. Rc6 Kf7 41. Be1 Ra7 42. Bf2 Rab7 43. Ra6 Ke7 44. Be1 Nc5 45. R6xa5 Nxa4 46. Rxa4 0-1

[Event "Budapest FS04 Development"]
[Site "Budapest"]
[Date "2017.04.05"]
[Round "5"]
[White "Bacsi, Andras"]
[Black "Szlenka, Attila"]
[Result "1/2-1/2"]
[WhiteElo "1716"]
[BlackElo "1719"]
[PlyCount "60"]
[EventDate "2017.04.01"]
[EventType "tourn"]
[EventRounds "10"]
[EventCountry "HUN"]
[SourceTitle "CBM 177 Extra"]
[Source "ChessBase"]
[SourceDate "2017.04.27"]
[SourceVersion "1"]
[SourceVersionDate "2017.04.27"]
[SourceQuality "1"]

1. d4 Nf6 2. c4 g6 3. Nf3 Bg7 4. g3 0-0 5. Bg2 d6 6. 0-0 Nbd7 7. Nc3 e5 8. e4 Re8 9. h3 h6 10. Be3 exd4 11. Nxd4 Nc5 12. Qc2 Be6 13. Nxe6 Nxe6 14. Rad1 Qe7 15. Nd5 Nxd5 16. exd5 Nf8 17. b3 b6 18. Qd2 Kh7 19. Rfe1 Qf6 20. f4 Qb2 21. Qxb2 Bxb2 22. Bf2 Bc3 23. Rxe8 Rxe8 24. Rd3 Bb4 25. Kf1 Nd7 26. Re3 Rxe3 27. Bxe3 Bc3 28. Ke2 Nc5 29. Bxc5 bxc5 30. g4 Kg7 1/2-1/2

[Event "Budapest FS03 Development"]
[Site "Budapest"]
[Date "2017.03.04"]
[Round "1"]
[White "Grimm, Balazs"]
[Black "Bacsi, Andras"]
[Result "1/2-1/2"]
[WhiteElo "1675"]
[BlackElo "1734"]
[PlyCount "66"]
[EventDate "2017.03.04"]
[EventType "tourn"]
[EventRounds "10"]
[EventCountry "HUN"]
[SourceTitle "CBM 177 Extra"]
[Source "ChessBase"]
[SourceDate "2017.04.27"]
[SourceVersion "1"]
[SourceVersionDate "2017.04.27"]
[SourceQuality "1"]

1. e4 e5 2. Nc3 Nc6 3. Bc4 Nf6 4. Nf3 Be7 5. 0-0 0-0 6. d3 d6 7. h3 Na5 8. Bb3 Nxb3 9. axb3 Be6 10. Bg5 h6 11. Bh4 Nd7 12. Bxe7 Qxe7 13. Qd2 c6 14. Rfe1 Qf6 15. Nh2 Qg5 16. Qxg5 hxg5 17. Nf3 f6 18. d4 g4 19. hxg4 Bxg4 20. Nh2 Be6 21. d5 cxd5 22. Nxd5 Bxd5 23. exd5 f5 24. Nf3 Rfc8 25. c4 a5 26. Ng5 Nc5 27. Re3 g6 28. Rh3 Kg7 29. Kf1 Kf6 30. Nh7+ Kg7 31. Ng5 Kf6 32. Nh7+ Kg7 33. Ng5 Kf6 1/2-1/2

[Event "Budapest FS02 FM"]
[Site "Budapest"]
[Date "2017.02.04"]
[Round "1"]
[White "Bacsi, Andras"]
[Black "Szurkos, Andras"]
[Result "1/2-1/2"]
[WhiteElo "1732"]
[BlackElo "1717"]
[PlyCount "120"]
[EventDate "2017.02.04"]
[EventType "tourn"]
[EventRounds "9"]
[EventCountry "HUN"]
[SourceTitle "EXT 2018"]
[Source "ChessBase"]
[SourceDate "2017.10.13"]
[SourceVersion "1"]
[SourceVersionDate "2017.10.13"]
[SourceQuality "1"]

1. e4 e5 2. Nf3 Nc6 3. Bb5 a6 4. Ba4 d6 5. 0-0 Nf6 6. Re1 Be7 7. c3 0-0 8. h3 b5 9. Bc2 Bb7 10. d4 exd4 11. cxd4 Nb4 12. Nbd2 Nxc2 13. Qxc2 c5 14. d5 Nd7 15. a3 Bf6 16. Rb1 Re8 17. b4 cxb4 18. axb4 Rc8 19. Qd3 Rc3 20. Qf1 Ne5 21. Nxe5 Bxe5 22. Bb2 Rc2 23. Bxe5 Rxe5 24. Qd3 Qc7 25. Nf3 Re8 26. Nd4 Rc4 27. Qd2 Qb6 28. Rbd1 Bc8 29. Kh2 Bd7 30. f3 Rec8 31. Nb3 Rc2 32. Qd4 Qd8 33. Rd2 R2c4 34. Qa7 Ra8 35. Qe3 Rxb4 36. Nd4 Rc8 37. Qf4 Qf6 38. Qxf6 gxf6 39. Ra1 Rcc4 40. Nc6 Bxc6 41. dxc6 Rxc6 42. Rda2 Rd4 43. Rxa6 Rxa6 44. Rxa6 b4 45. Rb6 Kf8 46. Rb7 Kg7 47. Kg3 Kg6 48. Kf4 h5 49. Ke3 Rc4 50. Kf4 d5 51. Ke3 dxe4 52. fxe4 h4 53. Kf3 Kg5 54. Rb5+ Kg6 55. Rb6 Kg7 56. Kf4 Kg6 57. Kf3 Rc3+ 58. Kg4 b3 59. Kxh4 Re3 60. e5 Rxe5 1/2-1/2

[Event "Budapest Spring op"]
[Site "Budapest"]
[Date "2016.03.22"]
[Round "4"]
[White "Izso, Istvan"]
[Black "Bacsi, Andras"]
[Result "1/2-1/2"]
[WhiteElo "1615"]
[BlackElo "1721"]
[PlyCount "130"]
[EventDate "2016.03.18"]
[EventType "swiss"]
[EventRounds "9"]
[EventCountry "HUN"]
[SourceTitle "CBM 171 Extra"]
[Source "ChessBase"]
[SourceDate "2016.04.26"]
[SourceVersion "1"]
[SourceVersionDate "2016.04.26"]
[SourceQuality "1"]

1. Nf3 Nf6 2. g3 d5 3. c4 c6 4. cxd5 cxd5 5. Bg2 Nc6 6. d4 e6 7. Bg5 Be7 8. 0-0 0-0 9. Nc3 b6 10. Bxf6 Bxf6 11. Rc1 Bb7 12. Qa4 Qd7 13. e3 Rfd8 14. a3 Na5 15. Qd1 Rac8 16. b4 Nc4 17. Qb3 a5 18. b5 Qd6 19. a4 Qb4 20. Qa2 Nxe3 21. fxe3 Rxc3 22. Rxc3 Qxc3 23. Re1 Rc8 24. Bf1 Be7 25. Re2 f6 26. Kf2 Kf7 27. Ne1 Qa3 28. Qxa3 Bxa3 29. Rc2 Bb4 30. Rxc8 Bxe1+ 31. Kxe1 Bxc8 32. Bd3 h6 33. Kf2 e5 34. Bc2 Ke6 35. g4 e4 36. Kg3 g5 37. Bd1 Kf7 38. h3 Kg6 39. Bb3 Be6 40. Bd1 f5 41. Be2 Kf6 42. Bd1 Bf7 43. Be2 Bg6 44. Bd1 Ke6 45. Be2 f4+ 46. exf4 gxf4+ 47. Kxf4 e3 48. Kxe3 Bc2 49. Kd2 Bxa4 50. Kc3 Kf6 51. h4 Ke6 52. Bf3 Bxb5 53. g5 hxg5 54. hxg5 Bc4 55. Bg4+ Kf7 56. Bf5 b5 57. Kb2 b4 58. Bc2 Ke6 59. Ka1 b3 60. Bb1 a4 61. Kb2 Bb5 62. Bg6 Ke7 63. Bb1 Be8 64. Bd3 Ke6 65. Ka3 Ke7 1/2-1/2

[Event "Budapest FS07 FM-B"]
[Site "Budapest"]
[Date "2015.07.04"]
[Round "1"]
[White "Bacsi, Andras"]
[Black "Szlenka, Attila"]
[Result "1/2-1/2"]
[WhiteElo "1748"]
[BlackElo "1807"]
[PlyCount "20"]
[EventDate "2015.07.04"]
[EventType "tourn"]
[EventRounds "11"]
[EventCountry "HUN"]
[SourceTitle "CBM 167 Extra"]
[Source "ChessBase"]
[SourceDate "2015.09.14"]
[SourceVersion "1"]
[SourceVersionDate "2015.09.14"]
[SourceQuality "1"]

1. e4 Nf6 2. Nc3 d5 3. exd5 Nxd5 4. Bc4 Nxc3 5. Qf3 e6 6. dxc3 Be7 7. Ne2 0-0 8. 0-0 Qd6 9. Bf4 Qc6 10. Qxc6 Nxc6 1/2-1/2

[Event "Budapest FS06 FM-B"]
[Site "Budapest"]
[Date "2015.06.12"]
[Round "7"]
[White "Bacsi, Andras"]
[Black "Brassoi Tarnovszki, Aurel"]
[Result "1-0"]
[WhiteElo "1744"]
[BlackElo "1589"]
[PlyCount "55"]
[EventDate "2015.06.06"]
[EventType "tourn"]
[EventRounds "11"]
[EventCountry "HUN"]
[SourceTitle "CBM 166 Extra"]
[Source "ChessBase"]
[SourceDate "2015.06.18"]
[SourceVersion "1"]
[SourceVersionDate "2015.06.18"]
[SourceQuality "1"]

1. e4 e6 2. d4 d5 3. Nd2 Nf6 4. e5 Nfd7 5. Bd3 c5 6. c3 cxd4 7. cxd4 f5 8. exf6 Nxf6 9. Ne2 Bd6 10. 0-0 Nc6 11. Nf3 0-0 12. Bg5 Qb6 13. b3 Bd7 14. a3 Rac8 15. b4 a6 16. Rc1 Ne7 17. Ne5 Bb5 18. Bxb5 Rxc1 19. Qxc1 Qxb5 20. Nf4 h6 21. Nxe6 Rc8 22. Qf4 Ng6 23. Qf5 Bxe5 24. Qxg6 Qd7 25. dxe5 Qf7 26. Qxf7+ Kxf7 27. exf6 gxf6 28. Rc1 1-0

[Event "Budapest FS06 FM-B"]
[Site "Budapest"]
[Date "2015.06.11"]
[Round "6"]
[White "Szurkos, Andras"]
[Black "Bacsi, Andras"]
[Result "1-0"]
[WhiteElo "1787"]
[BlackElo "1744"]
[PlyCount "69"]
[EventDate "2015.06.06"]
[EventType "tourn"]
[EventRounds "11"]
[EventCountry "HUN"]
[SourceTitle "CBM 166 Extra"]
[Source "ChessBase"]
[SourceDate "2015.06.18"]
[SourceVersion "1"]
[SourceVersionDate "2015.06.18"]
[SourceQuality "1"]

1. e4 c5 2. d4 cxd4 3. Nf3 e6 4. Nxd4 a6 5. Nc3 Qc7 6. Bd3 Nf6 7. Bg5 Be7 8. Nde2 d6 9. 0-0 Nbd7 10. Rb1 b5 11. Ng3 Bb7 12. a3 h6 13. Bf4 Ne5 14. Nce2 0-0 15. h3 Rfd8 16. Qe1 Rac8 17. Bd2 Nc4 18. Bc3 e5 19. f4 d5 20. Bxc4 Qxc4 21. Bxe5 Nxe4 22. c3 Nxg3 23. Qxg3 f6 24. Bd4 Qxe2 25. Rbe1 Qxf1+ 26. Kxf1 Bf8 27. Bxf6 Re8 28. Bd4 Re4 29. Re3 Rce8 30. Kf2 Bc8 31. Qf3 Bd6 32. g3 Kh7 33. Qh5 Bb7 34. Qf5+ Kg8 35. Qd7 1-0

[Event "Budapest FS06 FM-B"]
[Site "Budapest"]
[Date "2015.06.10"]
[Round "5"]
[White "Bacsi, Andras"]
[Black "Steer, Jozsef"]
[Result "1/2-1/2"]
[WhiteElo "1744"]
[BlackElo "1817"]
[PlyCount "33"]
[EventDate "2015.06.06"]
[EventType "tourn"]
[EventRounds "11"]
[EventCountry "HUN"]
[SourceTitle "CBM 166 Extra"]
[Source "ChessBase"]
[SourceDate "2015.06.18"]
[SourceVersion "1"]
[SourceVersionDate "2015.06.18"]
[SourceQuality "1"]

1. e4 c6 2. d4 d5 3. Nc3 dxe4 4. Nxe4 Bf5 5. Ng3 Bg6 6. h4 h6 7. Nf3 Nd7 8. Bc4 e6 9. Be3 Qc7 10. Qd2 Ngf6 11. 0-0-0 0-0-0 12. Kb1 Be7 13. Bd3 Bxd3 14. Qxd3 Rhe8 15. Ne4 Nxe4 16. Qxe4 Nf6 17. Qd3 1/2-1/2

[Event "Budapest FS06 FM-B"]
[Site "Budapest"]
[Date "2015.06.06"]
[Round "1"]
[White "Bacsi, Andras"]
[Black "Gruz, Janos"]
[Result "1/2-1/2"]
[WhiteElo "1744"]
[BlackElo "1753"]
[PlyCount "28"]
[EventDate "2015.06.06"]
[EventType "tourn"]
[EventRounds "11"]
[EventCountry "HUN"]
[SourceTitle "CBM 166 Extra"]
[Source "ChessBase"]
[SourceDate "2015.06.18"]
[SourceVersion "1"]
[SourceVersionDate "2015.06.18"]
[SourceQuality "1"]

1. e4 c5 2. Nf3 d6 3. d4 cxd4 4. Nxd4 Nf6 5. Nc3 a6 6. a4 e5 7. Nb3 Be6 8. Bg5 Nbd7 9. Be2 Be7 10. 0-0 0-0 11. f4 Qc7 12. f5 Bc4 13. Bxc4 Qxc4 14. Qd3 Qxd3 1/2-1/2

[Event "Budapest FS03 FM-B"]
[Site "Budapest"]
[Date "2015.03.16"]
[Round "9"]
[White "Steer, Jozsef"]
[Black "Bacsi, Andras"]
[Result "1/2-1/2"]
[WhiteElo "1810"]
[BlackElo "1729"]
[PlyCount "24"]
[EventDate "2015.03.07"]
[EventType "tourn"]
[EventRounds "9"]
[EventCountry "HUN"]
[SourceTitle "CBM 165 Extra"]
[Source "ChessBase"]
[SourceDate "2015.04.21"]
[SourceVersion "1"]
[SourceVersionDate "2015.04.21"]
[SourceQuality "1"]

1. e4 c5 2. Nf3 d6 3. d4 cxd4 4. Nxd4 Nf6 5. Nc3 g6 6. Be2 Bg7 7. 0-0 0-0 8. Kh1 Nc6 9. Nb3 Be6 10. f4 Rc8 11. Be3 Bxb3 12. axb3 a6 1/2-1/2

[Event "Budapest FS03 FM-B"]
[Site "Budapest"]
[Date "2015.03.10"]
[Round "4"]
[White "Gruz, Janos"]
[Black "Bacsi, Andras"]
[Result "1/2-1/2"]
[WhiteElo "1797"]
[BlackElo "1729"]
[PlyCount "33"]
[EventDate "2015.03.07"]
[EventType "tourn"]
[EventRounds "9"]
[EventCountry "HUN"]
[SourceTitle "CBM 165 Extra"]
[Source "ChessBase"]
[SourceDate "2015.04.21"]
[SourceVersion "1"]
[SourceVersionDate "2015.04.21"]
[SourceQuality "1"]

1. c4 Nf6 2. Nc3 e6 3. e4 d5 4. e5 Nfd7 5. d4 dxc4 6. Bxc4 c5 7. Be3 Nc6 8. Nf3 cxd4 9. Bxd4 Nxd4 10. Qxd4 Bc5 11. Qg4 0-0 12. 0-0 Qc7 13. Rae1 Bb4 14. Bd3 Bxc3 15. bxc3 f5 16. exf6 Nxf6 17. Qb4 1/2-1/2